Key Skills für die Generation Y <die> wichtigsten Tipps für eine erfüllte Karriere
Salvato in:
| Autore principale: | |
|---|---|
| Natura: | Libro |
| Lingua: | tedesco |
| Pubblicazione: |
Wiesbaden
Springer Gabler
2016
|
| Soggetti: | |
| Tags: |
Nessun Tag, puoi essere il primo ad aggiungerne!!
|
MARC
| LEADER | 00000nam a2200000 4500 | ||
|---|---|---|---|
| 001 | 0236483 | ||
| 005 | 20221107101012.7 | ||
| 020 | |a 978-3-658-12737-4 | ||
| 041 | 0 | |a ger | |
| 044 | |a DE | ||
| 245 | 1 | 0 | |a Key Skills für die Generation Y |b <die> wichtigsten Tipps für eine erfüllte Karriere |c Thomas Würzburger |
| 264 | 1 | |a Wiesbaden |b Springer Gabler |c 2016 | |
| 300 | |a 146 s. | ||
| 610 | 2 | 0 | |a vývoj spoločenský |
| 610 | 2 | 0 | |a vývoj vedeckotechnický |
| 610 | 2 | 0 | |a mládež |
| 610 | 2 | 0 | |a výber zamestnania |
| 610 | 2 | 0 | |a trh práce |
| 610 | 2 | 0 | |a vzdelanie |
| 610 | 2 | 0 | |a zručnosti |
| 610 | 2 | 0 | |a zamestnávatelia |
| 610 | 2 | 0 | |a schopnosti pracovné |
| 610 | 2 | 0 | |a zodpovednosť |
| 610 | 2 | 0 | |a sebarealizácia |
| 610 | 2 | 0 | |a motivácia |
| 610 | 2 | 0 | |a povolanie |
| 610 | 2 | 0 | |a kariéra |
| 610 | 2 | 0 | |a náročnosť profesionálna |
| 610 | 2 | 0 | |a poradenstvo profesionálne |
| 100 | 1 | |a Würzburger, Thomas | |